| 000 | 00636nam a2200217Ia 4500 | ||
|---|---|---|---|
| 001 | 5557 | ||
| 003 | AR-BaAGN | ||
| 005 | 20231222134625.0 | ||
| 007 | ta | ||
| 008 | 211213s1936 ag |||||||||||||| ||spa d | ||
| 040 |
_dAR-BaAGN _aAR-BaAGN _bspa _eaacr |
||
| 100 | 1 |
_aBarba, Enrique M., _d1909-1988 _96793 |
|
| 245 | 1 | 0 |
_aAlgunos aspectos de política internacional durante el gobierno de Cevallos / _cEnrique M. Barba |
| 260 |
_aBuenos Aires : _bConi, _c1936. |
||
| 300 | _a28 páginas | ||
| 336 |
_2rdacontent _btxt |
||
| 337 |
_2rdamedia _bn |
||
| 338 |
_2rdacarrier _bnc |
||
| 490 |
_aSociedad de Historia Argentina ; _v6 |
||
| 942 | _cLIBRO | ||
| 999 |
_c5557 _d5557 |
||